Highway engineering /

Bibliographic Details
Main Author: Oglesby, Clarkson H. (Clarkson Hill), 1908-1992
Other Authors: Hicks, Russell G.
Format: Book
Language:English
Published: New York : Wiley, [1982]
Edition:4th ed.
Subjects:

MARC

Tag First Indicator Second Indicator Subfields
LEADER 00000pam a2200000 a 4500
001 in00000075111
005 20151008060313.0
008 810729s1982 nyua b 00110 eng
010 |a  81012949  
020 |a 047102936X 
035 |a (OCoLC)07739430 
035 |9 AAJ5511AM 
039 0 |a 2  |b 3  |c 3  |d 3  |e 3 
040 |a DLC  |c DLC  |d TXA  |d UtOrBLW 
049 |a TXAM  |c [933220] 
050 0 0 |a TE145  |b .O675 1982 
082 0 |a 625.7  |2 19 
100 1 |a Oglesby, Clarkson H.  |q (Clarkson Hill),  |d 1908-1992. 
245 1 0 |a Highway engineering /  |c Clarkson H. Oglesby, R. Gary Hicks. 
250 |a 4th ed. 
264 1 |a New York :  |b Wiley,  |c [1982] 
264 4 |c ©1982 
300 |a xiii, 844 pages, 1 unnumbered folded leaf :  |b illustrations ;  |c 25 cm. 
336 |a text  |b txt  |2 rdacontent 
337 |a unmediated  |b n  |2 rdamedia 
338 |a volume  |b nc  |2 rdacarrier 
504 |a Includes bibliographical references and index. 
650 0 |a Highway engineering. 
700 1 |a Hicks, Russell G. 
999 |a MARS 
999 f f |s d5aa7cfd-f20a-3f26-9abd-5f13b430edee  |i edce7ad3-be34-3e42-ac13-3c23cbded5ee  |t 0 
952 f f |p ric  |a Texas A&M University  |b Rellis Campus  |c Joint Library Facility  |d Remote Storage  |t 0  |e TE145 .O675 1982  |h Library of Congress classification  |i unmediated -- volume  |m A14806246708 
998 f f |a TE145 .O675 1982  |t 0  |l Remote Storage